|
|
|
|
| LEADER |
00000nab a2200000 a 4500 |
| 001 |
vtls010646229 |
| 003 |
SK-MaSNL |
| 005 |
20260304181109.0 |
| 008 |
150112c2014 xo rz 0 0slo |
| 038 |
|
|
|a KEVKJB
|
| 040 |
|
|
|a KEVKJB
|b slo
|c KEVKJB
|e AACR2
|
| 041 |
0 |
|
|a slo
|
| 044 |
|
|
|a xo
|c SK
|
| 080 |
|
|
|a 821.162.4:929
|2 2001
|
| 100 |
1 |
|
|a Hochel, Igor,
|d 1953-
|4 ivr
|4 aut
|9 101382
|
| 245 |
1 |
0 |
|a Píšem do duše čitateľa
|c Igor Hochel
|
| 300 |
|
|
|b Fotogr.
|
| 600 |
1 |
7 |
|a Juščák, Peter,
|d 1953-
|2 kevkjb
|9 116085
|
| 650 |
0 |
7 |
|a slovenská literatúra
|2 kevkjb
|9 1115
|
| 651 |
|
7 |
|a Košice (Slovensko)
|2 kevkjb
|9 18694
|
| 655 |
|
7 |
|a rozhovory
|2 kevkjb
|9 31831
|
| 700 |
1 |
|
|a Juščák, Peter,
|d 1953-
|4 ive
|4 aut
|9 116085
|
| 773 |
0 |
|
|t Knižná revue
|g Roč. XXIV., č. 24 (2014), s. 22-23
|x 1210-1982
|
| 852 |
|
|
|a KEVKJB
|b KIS3GCP
|
| 856 |
4 |
1 |
|u http://www.juscak.com/news/rozhovor-v-kniznej-revue/
|
| 958 |
|
|
|a BX
|
| 958 |
|
|
|a LX
|
| 999 |
|
|
|c 3021874
|d 3023804
|